[Event "Portugal Open 2018"]
[Site "Lisboa POR"]
[Date "2018.02.05"]
[Round "5.52"]
[White "Ermeni, Avni"]
[Black "Fidalgo, Daniel"]
[Result "1/2-1/2"]
[WhiteElo "2214"]
[BlackElo "1966"]
[WhiteFideId "912840"]
[BlackFideId "1934279"]
[WhiteTitle "FM"]
[WhiteCountry "KOS"]
[BlackCountry "POR"]
[PlyCount "57"]
[EventDate "2018.??.??"]

1. e4 e6 2. d4 d5 3. Nc3 Nf6 4. Bg5 Be7 5. e5 Nfd7 6. h4 Bxg5 7. hxg5 Qxg5 8.
Qd3 g6 9. Nf3 Qe7 10. Qe3 a6 11. O-O-O Nc6 12. Ng5 Nf8 13. Qf4 Bd7 14. Rh6 Nd8
15. Bd3 c5 16. Nce4 dxe4 17. Nxe4 Nc6 18. Nd6+ Kd8 19. Nxf7+ Kc7 20. d5 exd5 21.
Nxh8 Ne6 22. Nxg6 hxg6 23. Qf6 Rf8 24. Qxe7 Nxe7 25. f3 Nf4 26. Bf1 Nf5 27. Rh7
Kc6 28. Rd2 Re8 29. Rf7 1/2-1/2

[Event "Portugal Open 2018"]
[Site "Lisboa POR"]
[Date "2018.02.05"]
[Round "5.53"]
[White "Fernández Lledo, Javier"]
[Black "Turta, Stelian"]
[Result "1-0"]
[WhiteElo "2207"]
[BlackElo "1922"]
[WhiteFideId "22201432"]
[BlackFideId "1924680"]
[WhiteCountry "ESP"]
[BlackCountry "POR"]
[PlyCount "71"]
[EventDate "2018.??.??"]

1. e4 c6 2. d4 d5 3. e5 Bf5 4. Nf3 e6 5. Be2 h6 6. O-O Qb6 7. c4 Ne7 8. c5 Qc7
9. Nc3 Nd7 10. b4 b6 11. Be3 bxc5 12. bxc5 Rb8 13. Qd2 Bh7 14. g4 Nc8 15. Nh4
Be7 16. Ng2 f6 17. exf6 Bxf6 18. f4 O-O 19. g5 hxg5 20. fxg5 Be7 21. Bg4 e5 22.
Be6+ Kh8 23. Qe2 Nxc5 24. dxc5 d4 25. Qh5 g6 26. Qh6 Qd8 27. Nh4 Qe8 28. Rf7
Rxf7 29. Nxg6+ Kg8 30. Rf1 dxc3 31. Nxe5 Bf8 32. Qf6 Bg7 33. Bxf7+ Kf8 34. Bxe8+
Bxf6 35. gxf6 c2 36. Bh6+ 1-0

[Event "Portugal Open 2018"]
[Site "Lisboa POR"]
[Date "2018.02.05"]
[Round "5.54"]
[White "Crespo Gavilán, Abel"]
[Black "Sahin, Özgün"]
[Result "0-1"]
[WhiteElo "1978"]
[BlackElo "2195"]
[WhiteFideId "2215470"]
[BlackFideId "6328121"]
[WhiteCountry "ESP"]
[BlackCountry "TUR"]
[PlyCount "84"]
[EventDate "2018.??.??"]

1. c4 c5 2. Nf3 Nc6 3. Nc3 g6 4. d4 cxd4 5. Nxd4 Bg7 6. e3 Nf6 7. Be2 O-O 8. O-O
d6 9. b3 d5 10. Bb2 Nxd4 11. exd4 Bf5 12. c5 b6 13. Na4 Bd7 14. b4 Qe8 15. Nc3
e5 16. Re1 bxc5 17. dxe5 Qxe5 18. Bf3 Qd4 19. bxc5 Qb4 20. Nxd5 Qxb2 21. Nxf6+
Bxf6 22. Qxd7 Rac8 23. Rab1 Qxa2 24. Bd5 Qa5 25. Bxf7+ Kh8 26. Qe6 Bg7 27. c6
Rc7 28. Be8 Qc5 29. Re2 Bd4 30. Rf1 Rg7 31. Bd7 Rgf7 32. Qa2 Bxf2+ 33. Rexf2
Rxf2 34. Qxf2 Rxf2 35. Rxf2 a5 36. Kf1 a4 37. c7 Qxc7 38. Bxa4 Qc4+ 39. Ke1 Qxa4
40. Rf3 Qh4+ 41. Ke2 Qxh2 42. Ke3 Qxg2 0-1

[Event "Portugal Open 2018"]
[Site "Lisboa POR"]
[Date "2018.02.05"]
[Round "5.55"]
[White "Boucquet, Emile"]
[Black "Stokes, Paul"]
[Result "1-0"]
[WhiteElo "2183"]
[BlackElo "1916"]
[WhiteFideId "233161"]
[BlackFideId "419010"]
[WhiteCountry "BEL"]
[BlackCountry "ENG"]
[PlyCount "115"]
[EventDate "2018.??.??"]

1. f4 g6 2. Nf3 Bg7 3. g3 Nf6 4. Bg2 d6 5. O-O c6 6. d4 Nbd7 7. c4 Ne4 8. Qd3
Ndf6 9. Nfd2 Nxd2 10. Nxd2 d5 11. Rd1 O-O 12. b3 Bf5 13. e4 dxe4 14. Nxe4 Nxe4
15. Bxe4 Bxe4 16. Qxe4 Qd7 17. Bb2 Rfd8 18. Rd2 e6 19. Rad1 Qc7 20. h4 h5 21.
Qc2 Rac8 22. Kh2 Qe7 23. Qe4 Rd7 24. Qf3 Rcd8 25. Bc3 Qf6 26. Rd3 Qf5 27. Qe3 b6
28. R3d2 c5 29. dxc5 Rxd2+ 30. Rxd2 Rxd2+ 31. Qxd2 Bxc3 32. Qxc3 Qxc5 33. Kg2
Qc6+ 34. Kf2 Qh1 35. a4 Qh2+ 36. Kf3 Qh1+ 37. Ke3 Qg1+ 38. Ke4 Qc5 39. Qd4 Qf5+
40. Ke3 Qb1 41. Qd8+ Kg7 42. Qd3 Qe1+ 43. Kd4 Kh7 44. Qc3 Qe2 45. c5 Qf2+ 46.
Ke5 bxc5 47. a5 Kg7 48. Ke4+ Kg8 49. Ke5 Qe2+ 50. Kd6 Qd1+ 51. Ke7 Qd5 52. a6
Qc6 53. Qe5 Qxa6 54. Qb8+ Kg7 55. Qf8+ Kh7 56. Qxf7+ Kh6 57. Qg8 Qb7+ 58. Kf6
1-0

[Event "Portugal Open 2018"]
[Site "Lisboa POR"]
[Date "2018.02.05"]
[Round "5.56"]
[White "Morais, Vítor"]
[Black "Pein, Jonathan"]
[Result "0-1"]
[WhiteElo "1977"]
[BlackElo "2177"]
[WhiteFideId "1900552"]
[BlackFideId "417092"]
[WhiteTitle "NM"]
[WhiteCountry "POR"]
[BlackCountry "ENG"]
[PlyCount "44"]
[EventDate "2018.??.??"]
[Annotator "inc. 74"]

1. e4 e5 2. Nf3 d6 3. d4 exd4 4. Nxd4 Nf6 5. Nc3 g6 6. Bf4 Bg7 7. Qd2 Nc6 8. Nb3
O-O 9. O-O-O a5 10. a4 Be6 11. Kb1 d5 12. exd5 Nxd5 13. Nxd5 Bxd5 14. Bg5 f6 15.
Qxd5+ Qxd5 16. Rxd5 fxg5 17. f3 Ne5 18. Be2 b6 19. Rdd1 Rad8 20. Nd2 g4 21. fxg4
Rf2 22. Bc4+ Kh8 0-1

[Event "Portugal Open 2018"]
[Site "Lisboa POR"]
[Date "2018.02.05"]
[Round "5.57"]
[White "Candeias, Humberto"]
[Black "Sousa, Ludy"]
[Result "0-1"]
[WhiteElo "1935"]
[BlackElo "2165"]
[WhiteFideId "1903454"]
[BlackFideId "1504134"]
[BlackTitle "CM"]
[WhiteCountry "POR"]
[BlackCountry "NOR"]
[PlyCount "56"]
[EventDate "2018.??.??"]

1. e4 c5 2. Nc3 d6 3. g3 g6 4. Bg2 Bg7 5. d3 Nc6 6. Be3 Rb8 7. Qd2 b5 8. Nge2
Nd4 9. O-O b4 10. Nd1 h5 11. a3 b3 12. c3 Nc2 13. Rc1 Nxe3 14. Nxe3 h4 15. d4
Qa5 16. Rcd1 hxg3 17. fxg3 cxd4 18. Nxd4 Qh5 19. Bf3 Qc5 20. Qf2 Bh3 21. e5 Nh6
22. Bc6+ Kf8 23. g4 Kg8 24. g5 Nf5 25. Ndxf5 gxf5 26. Nxf5 Bxf5 27. Qxc5 dxc5
28. Rxf5 e6 0-1

[Event "Portugal Open 2018"]
[Site "Lisboa POR"]
[Date "2018.02.05"]
[Round "5.58"]
[White "Dias, Ricardo"]
[Black "Newton, Andrew"]
[Result "0-1"]
[WhiteElo "2162"]
[BlackElo "1899"]
[WhiteFideId "1930060"]
[BlackFideId "2403285"]
[WhiteCountry "POR"]
[BlackCountry "SCO"]
[PlyCount "124"]
[EventDate "2018.??.??"]

1. e4 c5 2. Nf3 d6 3. d4 cxd4 4. Nxd4 Nf6 5. Nc3 g6 6. Be3 Bg7 7. f3 O-O 8. Bc4
Nc6 9. Qd2 Bd7 10. O-O-O Rc8 11. Bb3 Nxd4 12. Bxd4 b5 13. Nd5 Nxd5 14. Bxg7 Kxg7
15. exd5 a5 16. a3 Kg8 17. h4 b4 18. axb4 axb4 19. Qxb4 Rc5 20. h5 g5 21. Qd4 h6
22. Bc4 Qa5 23. g4 Rfc8 24. Bd3 Bb5 25. Bf5 Ba4 26. b4 Rxc2+ 27. Bxc2 Rxc2+ 28.
Kb1 Qb5 29. Rc1 Qe2 30. Rxc2 Bxc2+ 31. Kc1 Bb3 32. Qe4 Qa2 33. Re1 Bxd5 34. Qd4
e5 35. Qc3 Qa8 36. b5 Bxf3 37. Qb4 Qc8+ 38. Kd2 e4 39. b6 Qa6 40. Qb3 Qa5+ 41.
Qc3 Qxb6 42. Qc8+ Kh7 43. Rf1 Qb2+ 44. Qc2 Qxc2+ 45. Kxc2 Kg7 46. Rg1 Kf6 47.
Kd2 Ke5 48. Ke3 d5 49. Ra1 Bxg4 50. Ra6 Bxh5 51. Rxh6 Bg6 52. Rh8 d4+ 53. Kf2
Kf4 54. Kf1 g4 55. Ke1 Kf3 56. Kf1 e3 57. Rh2 g3 58. Rf2+ Kg4 59. Ra2 Bd3+ 60.
Kg1 Kf4 61. Ra7 e2 62. Ra1 Ke3 0-1

[Event "Portugal Open 2018"]
[Site "Lisboa POR"]
[Date "2018.02.05"]
[Round "5.59"]
[White "Kunz, André"]
[Black "Gomes, José Luis"]
[Result "1-0"]
[WhiteElo "2153"]
[BlackElo "1889"]
[WhiteFideId "24623652"]
[BlackFideId "1901710"]
[WhiteCountry "GER"]
[BlackCountry "POR"]
[PlyCount "47"]
[EventDate "2018.??.??"]

1. e4 d5 2. exd5 Nf6 3. d4 Bg4 4. f3 Bh5 5. c4 c6 6. Nc3 cxd5 7. Qb3 dxc4 8.
Bxc4 b6 9. g4 Bg6 10. h4 h5 11. g5 Nfd7 12. Bd5 Na6 13. Nge2 e5 14. Bxa8 Qxa8
15. Qd5 Qb8 16. a3 exd4 17. Bf4 Qc8 18. Nxd4 Bc5 19. Ne6 Ke7 20. Nxg7 Rd8 21.
Rd1 Kf8 22. Nf5 Bxa3 23. Bd6+ Kg8 24. Ne7+ 1-0

[Event "Portugal Open 2018"]
[Site "Lisboa POR"]
[Date "2018.02.05"]
[Round "5.60"]
[White "Carpentier, Jannes"]
[Black "Santos, José Alves"]
[Result "1-0"]
[WhiteElo "1933"]
[BlackElo "2150"]
[WhiteFideId "235059"]
[BlackFideId "1900366"]
[BlackTitle "NM"]
[WhiteCountry "BEL"]
[BlackCountry "POR"]
[PlyCount "61"]
[EventDate "2018.??.??"]

1. b3 d5 2. Bb2 c6 3. e3 e6 4. Nf3 f5 5. Be2 Nf6 6. O-O Bd6 7. Ne5 O-O 8. f4 Bd7
9. d3 Be8 10. Nd2 Nbd7 11. Rf3 Bh5 12. Rg3 Bxe2 13. Qxe2 Bxe5 14. fxe5 Ng4 15.
d4 h5 16. Ba3 Rf7 17. Bd6 Ndf6 18. c4 Ne4 19. Nxe4 dxe4 20. h3 Qh4 21. Qe1 g5
22. hxg4 hxg4 23. d5 f4 24. dxe6 Rh7 25. exf4 gxf4 26. Rxg4+ Qxg4 27. Qxe4 Qh4
28. e7 Qh2+ 29. Kf2 f3 30. Qxf3 Kh8 31. Qf8+ 1-0

[Event "Portugal Open 2018"]
[Site "Lisboa POR"]
[Date "2018.02.05"]
[Round "5.61"]
[White "Pérez García, Roberto"]
[Black "Silva, Ana Inês"]
[Result "1/2-1/2"]
[WhiteElo "2142"]
[BlackElo "1873"]
[WhiteFideId "2217708"]
[BlackFideId "1932543"]
[WhiteCountry "ESP"]
[BlackCountry "POR"]
[PlyCount "142"]
[EventDate "2018.??.??"]

1. d4 Nf6 2. c4 c5 3. d5 b5 4. cxb5 a6 5. f3 d6 6. e4 Nbd7 7. Na3 g6 8. Ne2 Bg7
9. Nc3 O-O 10. Be2 Ne8 11. O-O Nc7 12. Bg5 Rb8 13. Rb1 Re8 14. Qd2 axb5 15.
Naxb5 Nxb5 16. Nxb5 Qb6 17. a4 Ba6 18. b3 Ne5 19. Be3 Qb7 20. Rfc1 Rec8 21. Qa5
Bxb5 22. Bxb5 Ra8 23. Qe1 Rab8 24. Qe2 Rc7 25. Rc2 Qc8 26. Rbc1 Nd7 27. b4 Qd8
28. Kf1 Rbc8 29. Ba6 Rb8 30. b5 Ra7 31. Bd2 Bd4 32. Qe1 Ne5 33. Ba5 Qd7 34. Qe2
c4 35. Rxc4 Nxc4 36. Rxc4 Bc5 37. Qc2 Rba8 38. Qb3 Rb8 39. Qc2 Rba8 40. Bb4 Bxb4
41. Rxb4 Rxa6 42. bxa6 Rxa6 43. Qc4 Ra8 44. Qd4 Qc7 45. Qc4 Qa5 46. g3 Qa7 47.
Qc6 Qa5 48. Rb5 Qa7 49. a5 Kg7 50. Qb6 Qa6 51. Qxa6 Rxa6 52. Ke2 Kf6 53. Kd3 e6
54. dxe6 Kxe6 55. Kc4 Kd7 56. Rb7+ Kc6 57. Rxf7 Rxa5 58. Rxh7 Ra4+ 59. Kd3 Ra3+
60. Ke2 Kc5 61. h4 Kd4 62. Rd7 Ra2+ 63. Kd1 Ke3 64. Rxd6 Kxf3 65. Rf6+ Kxg3 66.
Rxg6+ Kxh4 67. Ke1 Ra4 68. Re6 Kg5 69. Ke2 Kf4 70. Kd3 Ra3+ 71. Kd4 Ra4+ 1/2-1/2

[Event "Portugal Open 2018"]
[Site "Lisboa POR"]
[Date "2018.02.05"]
[Round "5.62"]
[White "Höbarth, Günter"]
[Black "Reis, Luís Sousa"]
[Result "0-1"]
[WhiteElo "1931"]
[BlackElo "2141"]
[WhiteFideId "1610198"]
[BlackFideId "1900609"]
[BlackTitle "NM"]
[WhiteCountry "AUT"]
[BlackCountry "POR"]
[PlyCount "62"]
[EventDate "2018.??.??"]

1. e4 d5 2. exd5 Nf6 3. Nc3 Nbd7 4. g3 Nb6 5. Bg2 Nbxd5 6. Nxd5 Nxd5 7. d3 c6 8.
Ne2 e5 9. O-O Bc5 10. Nc3 O-O 11. Ne4 Bb6 12. Qh5 f6 13. Bd2 Be6 14. c4 Ne7 15.
Bb4 Qd7 16. Qe2 Rfd8 17. Nc5 Bxc5 18. Bxc5 Nf5 19. Rad1 Nd4 20. Bxd4 Qxd4 21.
Be4 Rd7 22. b4 Rad8 23. Qf3 Bf7 24. b5 cxb5 25. Bxb7 bxc4 26. dxc4 Qxd1 27. Rxd1
Rxd1+ 28. Kg2 Bxc4 29. Qg4 Bf1+ 30. Kf3 R1d3+ 31. Ke4 R8d4+ 0-1

[Event "Portugal Open 2018"]
[Site "Lisboa POR"]
[Date "2018.02.05"]
[Round "5.63"]
[White "Neto, Horácio"]
[Black "Sousa, Tadeu"]
[Result "1-0"]
[WhiteElo "2139"]
[BlackElo "1888"]
[WhiteFideId "1900315"]
[BlackFideId "1928198"]
[WhiteCountry "POR"]
[BlackCountry "POR"]
[PlyCount "65"]
[EventDate "2018.??.??"]

1. d4 Nf6 2. Nf3 c5 3. d5 b5 4. Bg5 Ne4 5. Bh4 d6 6. e3 Qa5+ 7. c3 g6 8. Qd3 Bf5
9. g4 Bxg4 10. Qxe4 f5 11. Qf4 h6 12. Be2 g5 13. Bxg5 hxg5 14. Nxg5 Bxe2 15.
Kxe2 Nd7 16. Qxf5 Nf6 17. Qg6+ Kd7 18. Qf5+ Kc7 19. Nd2 Qa4 20. b3 Qg4+ 21. Qxg4
Nxg4 22. a4 Nf6 23. e4 bxa4 24. Rxa4 Bh6 25. Ne6+ Kd7 26. Rha1 Ne8 27. Rxa7+
Rxa7 28. Rxa7+ Kc8 29. Nc4 Kb8 30. Rxe7 Nf6 31. Na5 Rh7 32. Rxh7 Nxh7 33. Nc4
1-0

[Event "Portugal Open 2018"]
[Site "Lisboa POR"]
[Date "2018.02.05"]
[Round "5.64"]
[White "Martins, Bruno"]
[Black "Cohen, Lawrence"]
[Result "1-0"]
[WhiteElo "2137"]
[BlackElo "1866"]
[WhiteFideId "1942255"]
[BlackFideId "2026228"]
[WhiteCountry "POR"]
[BlackCountry "USA"]
[PlyCount "67"]
[EventDate "2018.??.??"]

1. d4 d5 2. Bf4 e6 3. e3 Bd6 4. Bg3 Bxg3 5. hxg3 h6 6. Nf3 Nd7 7. g4 c6 8. c3 b6
9. Nbd2 Bb7 10. Bd3 Qc7 11. Qe2 O-O-O 12. g5 Ne7 13. gxh6 gxh6 14. O-O-O f5 15.
g3 c5 16. Bb5 Ng6 17. Nh4 Ngf8 18. Bxd7+ Nxd7 19. Ng6 Rh7 20. Nf3 Nf6 21. Nfe5
c4 22. Nf4 Qe7 23. Nh5 Ne4 24. f3 Ng5 25. Rh4 b5 26. Nf4 b4 27. Rdh1 bxc3 28.
bxc3 Qa3+ 29. Qb2 Qa4 30. Rxh6 Rc7 31. Rh8 Re8 32. Qb4 Bc6 33. Rxe8+ Bxe8 34.
Rh8 1-0

[Event "Portugal Open 2018"]
[Site "Lisboa POR"]
[Date "2018.02.05"]
[Round "5.65"]
[White "Costa, João Guerra"]
[Black "Roxo, Agostinho"]
[Result "1-0"]
[WhiteElo "2130"]
[BlackElo "1862"]
[WhiteFideId "1901737"]
[BlackFideId "1902890"]
[WhiteCountry "POR"]
[BlackCountry "POR"]
[PlyCount "89"]
[EventDate "2018.??.??"]

1. e4 c5 2. Nf3 a6 3. g3 g6 4. Bg2 Bg7 5. O-O e5 6. Nc3 Nc6 7. Nd5 Nce7 8. c3
Nxd5 9. exd5 d6 10. d4 cxd4 11. cxd4 f6 12. dxe5 fxe5 13. Nd2 Ne7 14. a4 O-O 15.
Nc4 b6 16. Bg5 Rb8 17. Qd2 Qd7 18. Qb4 Nf5 19. Nxb6 Qc7 20. a5 h6 21. Rac1 Qf7
22. Be3 Rd8 23. Rc2 Bb7 24. Rfc1 Kh7 25. Rc7 Qe8 26. h4 Ne7 27. Qd2 Bc8 28. Qe2
Bb7 29. h5 g5 30. Be4+ Kg8 31. g4 Bc8 32. f3 Kf8 33. Qd2 Bf6 34. b4 Bd7 35. Bd3
Bb5 36. Qe2 Rxb6 37. Bxb6 Nxd5 38. Bxb5 axb5 39. R7c6 Nf4 40. Qxb5 Rb8 41. Qa6
Kf7 42. Rxd6 e4 43. Rxf6+ Kxf6 44. Bd4+ Ke7 45. Rc7+ 1-0

[Event "Portugal Open 2018"]
[Site "Lisboa POR"]
[Date "2018.02.05"]
[Round "5.66"]
[White "Horta, António"]
[Black "Gonzalez Pruneda, Arturo"]
[Result "1/2-1/2"]
[WhiteElo "1906"]
[BlackElo "2126"]
[WhiteFideId "1916971"]
[BlackFideId "2256860"]
[WhiteCountry "POR"]
[BlackCountry "ESP"]
[PlyCount "41"]
[EventDate "2018.??.??"]

1. d4 Nf6 2. Nf3 d5 3. g3 c5 4. Bg2 cxd4 5. O-O Nc6 6. Nxd4 Qb6 7. Nb3 e6 8.
N1d2 Be7 9. c4 O-O 10. cxd5 Nxd5 11. e4 Nf6 12. Qe2 Bd7 13. Nf3 Nb4 14. Nfd4 e5
15. Nf5 Bxf5 16. exf5 Nxa2 17. Rxa2 Qxb3 18. Ra5 a6 19. Rxe5 Bd6 20. Re3 Qb6 21.
Qf3 1/2-1/2

[Event "Portugal Open 2018"]
[Site "Lisboa POR"]
[Date "2018.02.05"]
[Round "5.67"]
[White "Silva, Mariana"]
[Black "Cruz, Jorge"]
[Result "1/2-1/2"]
[WhiteElo "1901"]
[BlackElo "2113"]
[WhiteFideId "1911899"]
[BlackFideId "1903977"]
[WhiteTitle "WCM"]
[WhiteCountry "POR"]
[BlackCountry "POR"]
[PlyCount "52"]
[EventDate "2018.??.??"]

1. e4 c5 2. Nf3 g6 3. d4 cxd4 4. Nxd4 Nc6 5. Nc3 Bg7 6. Be3 Nf6 7. Bc4 O-O 8.
Bb3 a6 9. O-O Qc7 10. Nd5 Nxd5 11. exd5 Na5 12. c3 b5 13. Re1 Bb7 14. Bg5 Nxb3
15. axb3 e5 16. Nc2 d6 17. Qd2 f5 18. Nb4 f4 19. f3 Qc5+ 20. Kh1 a5 21. Nc6 Bxc6
22. dxc6 Rfc8 23. Red1 Rxc6 24. b4 Qc4 25. bxa5 Bf8 26. Bh4 Kf7 1/2-1/2

[Event "Portugal Open 2018"]
[Site "Lisboa POR"]
[Date "2018.02.05"]
[Round "5.68"]
[White "Gavrish, Leonid"]
[Black "Machado, Tomás"]
[Result "1-0"]
[WhiteElo "2110"]
[BlackElo "1852"]
[WhiteFideId "14110040"]
[BlackFideId "1946838"]
[WhiteCountry "UKR"]
[BlackCountry "POR"]
[PlyCount "41"]
[EventDate "2018.??.??"]

1. d4 d5 2. c4 e6 3. Nc3 c5 4. cxd5 exd5 5. dxc5 d4 6. Ne4 Nc6 7. Nf3 Nf6 8.
Nxf6+ Qxf6 9. Bg5 Qf5 10. a3 Bxc5 11. g3 Ne5 12. Nxe5 Qxe5 13. Bf4 Qd5 14. Rg1
O-O 15. Bg2 Qh5 16. h3 Re8 17. g4 Qh4 18. Rc1 d3 19. Rxc5 Rxe2+ 20. Qxe2 dxe2
21. Bg5 1-0

[Event "Portugal Open 2018"]
[Site "Lisboa POR"]
[Date "2018.02.05"]
[Round "5.69"]
[White "Guerreiro, Nuno"]
[Black "Van Ginkel, Henk"]
[Result "0-1"]
[WhiteElo "2079"]
[BlackElo "1849"]
[WhiteFideId "1903012"]
[BlackFideId "1036394"]
[WhiteCountry "POR"]
[BlackCountry "NED"]
[PlyCount "56"]
[EventDate "2018.??.??"]

1. e4 d6 2. d4 Nf6 3. Nc3 g6 4. Bg5 c6 5. Qd2 b5 6. Bd3 Qb6 7. Nce2 Nbd7 8. f4
Bb7 9. c3 c5 10. d5 c4 11. Bc2 Nc5 12. Bxf6 exf6 13. Nf3 Bg7 14. Ng3 h5 15. h4
O-O-O 16. O-O-O Bh6 17. Kb1 Rhe8 18. Nd4 a5 19. Qf2 b4 20. Ka1 b3 21. axb3 Nxb3+
22. Ka2 a4 23. Rdf1 Kd7 24. f5 Bg7 25. fxg6 a3 26. gxf7 Nc1+ 27. Kxa3 Ra8+ 28.
Ba4+ Rxa4+ 0-1

[Event "Portugal Open 2018"]
[Site "Lisboa POR"]
[Date "2018.02.05"]
[Round "5.70"]
[White "Ruiz Bellón, Manuel"]
[Black "Martins, André"]
[Result "0-1"]
[WhiteElo "1886"]
[BlackElo "2068"]
[WhiteFideId "32011504"]
[BlackFideId "1924281"]
[WhiteCountry "ESP"]
[BlackCountry "POR"]
[PlyCount "118"]
[EventDate "2018.??.??"]

1. Nf3 Nf6 2. g3 g6 3. Bg2 Bg7 4. d4 O-O 5. a4 d6 6. a5 a6 7. O-O Nc6 8. d5 Nb8
9. c4 e5 10. Nc3 Nbd7 11. Qc2 Nh5 12. e4 h6 13. Nh4 Ndf6 14. b4 Nh7 15. Be3 Nf4
16. gxf4 exf4 17. Bxf4 Qxh4 18. Bg3 Qe7 19. Rae1 g5 20. Nd1 Bd7 21. Ne3 Rfe8 22.
f4 gxf4 23. Rxf4 Be5 24. Rh4 Qg5 25. Qf2 f6 26. Bf4 Bxf4 27. Rxf4 Kh8 28. h4 Qg7
29. Kh2 Rg8 30. Bf3 Qe7 31. Bg4 Raf8 32. Bxd7 Qxd7 33. Nf5 Rg6 34. Rg1 Rfg8 35.
Rxg6 Rxg6 36. Qe2 Qe8 37. Kh3 Qa4 38. Rg4 Qb3+ 39. Ng3 Nf8 40. Rxg6 Nxg6 41. Qg4
Ne5 42. Qc8+ Kh7 43. Qxc7+ Kh8 44. Qxd6 Qf3 45. Qb8+ Kh7 46. Qxb7+ Kh8 47. Qc8+
Kg7 48. Qf5 Qe3 49. Qxe5 fxe5 50. b5 Qa3 51. Kg4 axb5 52. cxb5 Qxa5 53. Kf5 Qxb5
54. Kxe5 Qb2+ 55. Kf5 Qf2+ 56. Kg4 Kf6 57. Nh5+ Ke5 58. Ng3 Qf4+ 59. Kh3 Qf3 0-1

[Event "Portugal Open 2018"]
[Site "Lisboa POR"]
[Date "2018.02.05"]
[Round "5.71"]
[White "Pereira, Fernando Melão"]
[Black "Rodriguez Bernal, Herman"]
[Result "1-0"]
[WhiteElo "2043"]
[BlackElo "1730"]
[WhiteFideId "1900153"]
[BlackFideId "22266186"]
[WhiteTitle "NM"]
[WhiteCountry "POR"]
[PlyCount "117"]
[EventDate "2018.??.??"]

1. c4 c5 2. Nc3 Nc6 3. Nf3 g6 4. g3 Bg7 5. Bg2 Nf6 6. O-O O-O 7. d4 cxd4 8. Nxd4
Ne5 9. b3 Nc6 10. Bb2 Nxd4 11. Qxd4 Nh5 12. Qd3 f5 13. Rad1 d6 14. c5 f4 15.
cxd6 exd6 16. Ba1 Bg4 17. Bxb7 Rb8 18. Bg2 fxg3 19. hxg3 Qe8 20. Qc4+ Be6 21.
Bd5 Bxd5 22. Qxd5+ Kh8 23. Qxd6 Rb6 24. Qd7 Qb8 25. Ne4 Bxa1 26. Rxa1 Qe5 27.
Qd3 Re6 28. Qc3 Qxc3 29. Nxc3 Rc8 30. Nb5 Rxe2 31. Nd4 Rd2 32. Rfd1 Rxd1+ 33.
Rxd1 Rd8 34. Rd2 Nf6 35. Nf3 Rc8 36. Ng5 Kg7 37. Kg2 h6 38. Ne6+ Kf7 39. Nd4 Re8
40. Nb5 Re7 41. Nd6+ Kg7 42. Nc4 Rc7 43. Kf3 Rf7 44. Nd6 Rc7 45. Nc4 Rf7 46. Kg2
Rc7 47. f3 Re7 48. Kf2 h5 49. Ne3 Re5 50. b4 Rb5 51. a3 g5 52. Rc2 Rb7 53. Rc6
g4 54. fxg4 hxg4 55. Rc4 Rf7 56. Kg2 Rd7 57. Nxg4 Rd2+ 58. Kh3 Nxg4 59. Kxg4 1-0

[Event "Portugal Open 2018"]
[Site "Lisboa POR"]
[Date "2018.02.05"]
[Round "5.72"]
[White "Santos, Júlio"]
[Black "Plasil, Petr"]
[Result "1-0"]
[WhiteElo "1870"]
[BlackElo "2042"]
[WhiteFideId "1900650"]
[BlackFideId "359360"]
[WhiteTitle "NM"]
[WhiteCountry "POR"]
[BlackCountry "CZE"]
[PlyCount "109"]
[EventDate "2018.??.??"]

1. e4 c5 2. Nf3 Nc6 3. d4 cxd4 4. Nxd4 e5 5. Nb3 Nf6 6. Bd3 Bb4+ 7. Bd2 O-O 8.
Nc3 d5 9. exd5 Nxd5 10. Nxd5 Qxd5 11. O-O e4 12. Be2 Be7 13. Be3 Qe5 14. Qc1 Bd6
15. g3 Bh3 16. Rd1 Be7 17. c3 Rac8 18. a3 b6 19. Qc2 Rcd8 20. Nd4 Nxd4 21. Rxd4
Bf5 22. Rad1 Rxd4 23. Bxd4 e3 24. Bxe5 exf2+ 25. Kxf2 Bxc2 26. Rd7 Bc5+ 27. Bd4
Bxd4+ 28. cxd4 a5 29. Rb7 Bb3 30. Rxb6 a4 31. Bf3 f5 32. d5 Rd8 33. Rb5 Kf7 34.
Ke3 Rd6 35. Kd4 Kf6 36. Be2 g5 37. Bc4 Bd1 38. b3 f4 39. bxa4 Bxa4 40. Rb7 fxg3
41. hxg3 h5 42. Rh7 Kf5 43. Rxh5 Kg4 44. Be2+ Kxg3 45. Rxg5+ Kf4 46. Rg8 Bb3 47.
Rf8+ Kg5 48. Bc4 Ba4 49. Ke5 Rd7 50. Rg8+ Kh6 51. d6 Ra7 52. Kf6 Kh5 53. Be6 Kh4
54. Rg4+ Kh5 55. Rg3 1-0

[Event "Portugal Open 2018"]
[Site "Lisboa POR"]
[Date "2018.02.05"]
[Round "5.73"]
[White "Mendes, Modeste"]
[Black "Palhas, Miguel Brando"]
[Result "1-0"]
[WhiteElo "2039"]
[BlackElo "1323"]
[WhiteFideId "1925920"]
[BlackFideId "1961349"]
[WhiteCountry "POR"]
[BlackCountry "POR"]
[PlyCount "59"]
[EventDate "2018.??.??"]

1. d4 d5 2. c4 c6 3. Nc3 Nf6 4. Nf3 e6 5. e3 Bb4 6. Bd3 Nbd7 7. O-O O-O 8. Qc2
b6 9. Ne5 Qc7 10. f4 Bb7 11. cxd5 cxd5 12. Bd2 a5 13. Rac1 Rfc8 14. Qd1 Qd8 15.
Qe2 Bxc3 16. Bxc3 Nb8 17. f5 Ba6 18. Bxa6 Nxa6 19. fxe6 fxe6 20. Bd2 Rxc1 21.
Bxc1 Qe7 22. a3 Nc7 23. Bd2 Nce8 24. Qb5 Qd6 25. Rc1 Nc7 26. Qc6 Qxc6 27. Rxc6
Ne4 28. Be1 Rc8 29. g4 b5 30. Bxa5 1-0

[Event "Portugal Open 2018"]
[Site "Lisboa POR"]
[Date "2018.02.05"]
[Round "5.74"]
[White "Hapke, Ralf"]
[Black "Dumont, André"]
[Result "0-1"]
[WhiteElo "1859"]
[BlackElo "2019"]
[WhiteFideId "4655630"]
[BlackFideId "201910"]
[WhiteCountry "GER"]
[BlackCountry "BEL"]
[PlyCount "28"]
[EventDate "2018.??.??"]

1. e4 e5 2. Nf3 Nc6 3. d4 exd4 4. Nxd4 Nf6 5. Nxc6 bxc6 6. e5 Qe7 7. Qe2 Nd5 8.
c4 Ba6 9. b3 Qh4 10. Qc2 Nb4 11. Qe2 Qd4 12. Bb2 Nd3+ 13. Qxd3 Qxb2 14. Qc3 Bb4
0-1

[Event "Portugal Open 2018"]
[Site "Lisboa POR"]
[Date "2018.02.05"]
[Round "5.75"]
[White "Lopez De Turiso, José Angel"]
[Black "Barrento, Jorge"]
[Result "1-0"]
[WhiteElo "2019"]
[BlackElo "1700"]
[WhiteFideId "2207680"]
[BlackFideId "1906500"]
[WhiteCountry "ESP"]
[BlackCountry "POR"]
[PlyCount "59"]
[EventDate "2018.??.??"]

1. e4 d5 2. exd5 Nf6 3. c4 e6 4. dxe6 Bxe6 5. Nf3 Nc6 6. Be2 Bc5 7. O-O Nd4 8.
Nxd4 Qxd4 9. d3 O-O-O 10. Nc3 Ng4 11. Ne4 Qxe4 12. dxe4 Rxd1 13. Bxd1 Nxf2 14.
Rxf2 Bxc4 15. Bf4 Be6 16. Be2 h5 17. Kf1 Bxf2 18. Kxf2 f6 19. h4 g6 20. Rc1 c6
21. Bc4 Bg4 22. b4 Re8 23. Re1 Rf8 24. Ke3 b5 25. Bb3 Kb7 26. Rc1 Rd8 27. Rc3 a5
28. bxa5 Ra8 29. Rxc6 Rxa5 30. Rxf6 1-0

[Event "Portugal Open 2018"]
[Site "Lisboa POR"]
[Date "2018.02.05"]
[Round "5.76"]
[White "Skalli, Taoufik"]
[Black "Andias, João"]
[Result "1-0"]
[WhiteElo "1858"]
[BlackElo "2015"]
[WhiteFideId "9004980"]
[BlackFideId "1900862"]
[WhiteCountry "MAR"]
[BlackCountry "POR"]
[PlyCount "57"]
[EventDate "2018.??.??"]

1. e4 c5 2. Nf3 Nc6 3. d4 cxd4 4. Nxd4 g6 5. Be3 Bg7 6. Nxc6 bxc6 7. Nc3 Qa5 8.
Bd4 e5 9. Be3 Nf6 10. f3 O-O 11. Qd6 Ne8 12. Qc5 Qxc5 13. Bxc5 d6 14. Ba3 Be6
15. O-O-O Rd8 16. Ba6 Nc7 17. Bb7 c5 18. Bc6 a5 19. b3 Bf6 20. Kb1 Be7 21. g4
Rb8 22. Nd5 Bxd5 23. Bxd5 Rfd8 24. h4 Kg7 25. h5 Bg5 26. Bb2 h6 27. a4 Ne6 28.
Bxe6 fxe6 29. Rxd6 1-0